000 01324cam a22002891i 4500
003 SA-RiAUC
005 20250408065810.0
008 250407s2013____su g f000 0 ara c
020 _a9789960066370
040 _aSA-MaHRM
_bara
_cSA-RiAUC
_erda
082 0 4 _a253.902
_qSA-RiAUC
090 _a253.902 ب ر هـ
_b ب ر هـ
100 1 _aالبرهان الطرابلسي، إبراهيم بن موسى بن أبي بكر،
_d853-922 هجري
_eمؤلف.
245 1 0 _aكتاب الإسعاف في أحكام الأوقاف /
_cتأليف برهان الدين إبراهيم بن موسى بن أبي بكر بن علي الطرابلسي.
246 3 0 _aالإسعاف في أحكام الأوقاف
264 1 _aجدة، السعودية :
_bجامعة الملك عبد العزيز، مركز النشر العلمي،
_c2013
300 _a426 صفحة ؛
_c24 سم
336 _aنص
_btxt
_2rdacontent
_3كتاب
337 _aبدون وسيط
_bn
_2rdamedia
338 _aمجلد
_bnc
_2rdacarrier
500 _aاهداء من عبدالله نذير بتاريخ12/ 7 / 1435هـ
650 7 _aالوقف (فقه إسلامي)
_2aucsh
942 _2ddc
_cBOOK
_n0
949 _aSA-JeALM
_d250407
_uosman123
_n1
999 _c6767
_d6767